Statistiques concernant Mots cachés n°4

Cliquez ici pour prendre le quiz!

Statistiques générales

  • Ce quiz a été pris 252 fois
  • Le résultat moyen est 23 sur 25

Statistiques - réponses

QuestionTuileSelect% Correct
livre, gaz et vent.KNon
100%
livre, gaz et vent.UNon
100%
livre, gaz et vent.YNon
100%
livre, gaz et vent.BNon
99%
livre, gaz et vent.INon
97%
livre, gaz et vent.ANon
96%
livre, gaz et vent.ROui
96%
livre, gaz et vent.VOui
96%
livre, gaz et vent.ANon
95%
livre, gaz et vent.GOui
95%
livre, gaz et vent.NNon
95%
livre, gaz et vent.TOui
95%
livre, gaz et vent.VOui
95%
livre, gaz et vent.EOui
94%
livre, gaz et vent.ENon
94%
livre, gaz et vent.ZNon
94%
livre, gaz et vent.ENon
93%
livre, gaz et vent.ZOui
93%
livre, gaz et vent.NOui
92%
livre, gaz et vent.AOui
91%
livre, gaz et vent.EOui
89%
livre, gaz et vent.INon
86%
livre, gaz et vent.IOui
85%
livre, gaz et vent.LNon
85%
livre, gaz et vent.LOui
85%

Distribution des résultats

Percentile par nombre de réponses

% des personnes avec chaque résultat

Votre développement - résultats

Vous n’avez pas pris ce quiz